LEADER 01045nam0-22003371i-450 001 990003011990403321 005 20221121105652.0 035 $a000301199 035 $aFED01000301199 035 $a(Aleph)000301199FED01 100 $a20000920d1967----km-y0itay50------ba 101 0 $aeng 102 $aUS 200 1 $a<>Appraisal of Short-Term Economic Forecasts$fVictor Zarnowitz. 210 $aNew York$cNational Bureau of Economic Research$cdistributed by Columbia University Press$d1967 215 $axii, 144 p.$cill.$d24 cm 225 1 $aOccasional paper$fNational bureau of economic research$v104 610 0 $aPrevisioni 676 $aF/2.5 676 $a338.544$v18$zita 702 1$aZarnowitz,$bVictor$f<1919-2009> 801 0$aIT$bUNINA$gRICA$2UNIMARC 901 $aBK 912 $a990003011990403321 952 $aF/2.5 ZAR$b1954/I$fSES 952 $aXV C 64 (104)$b82582$fFGBC 959 $aSES 959 $aFGBC 996 $aAppraisal of Short-Term Economic Forecasts$9467979 997 $aUNINA DB $aING01